Smooth manifolds and observables

Αποθηκεύτηκε σε:
Λεπτομέρειες βιβλιογραφικής εγγραφής
Κύριος συγγραφέας: Nestruev, Jet
Μορφή: Βιβλίο
Γλώσσα:English
Δημοσίευση: New York : Springer, c2003
Σειρά:Graduate texts in mathematics ; ; 220
Θέματα:
Ετικέτες: Προσθήκη ετικέτας
Δεν υπάρχουν, Καταχωρήστε ετικέτα πρώτοι!

MARC

LEADER 00000nam a2200000 i 4500
001 1/44948
008 031110s2003 eng d
020 |a 0-387-95543-7 
035 |l 10071639 
040 |a GR-MY-UA  |b gre  |e aacr 
041 0 |a eng 
082 0 |a 516.07 
100 1 |a Nestruev, Jet. 
245 1 0 |a Smooth manifolds and observables /  |c Jet Nestruev 
260 |a New York :   |b Springer,   |c c2003 
300 |a xiv, 222 p.;  |b ill.;  |c 24 cm. 
490 1 |a Graduate texts in mathematics  |v ; 220 
504 |a Includes bibliographical references and index 
650 0 0 |a Manifolds (Mathematics) 
830 0 |a Graduate texts in mathematics ;  |v ; 220 
852 |a INST  |b SAMOS  |e 20031110  |h 516.07 NES  |p 005300023695  |q 005300023695  |t BK  |y 0 
901 |a BIBL3-2003-3 
909 |a Σ  |b 106833 
922 |a 3ΕΛΗ  |b 200309  |c ΕΠΕΑΕΚ2/ΤΜΗΜΑ ΜΑΘΗΜΑΤΙΚΩΝ  |d ΜΙΧΑΛΟΠΟΥΛΟΣ 
970 |a ΠΟΥΡΝΑΡΑΣ  |b ΔΗΜΗΤΡΗΣ  |z 2003/11/14